000 00479nam a2200181Ia 4500
008 160319s9999 xx 000 0 und d
245 4 _aThe sea and sea life /
260 _aNew Delhi :
260 _bYoung Learner Productions.
260 _c1996
300 _a1 computer optical disc :
300 _bsound, colored ;
300 _c4 3/4 in.
650 _aMarine animals --
650 _aOcean --
650 _xJuvenile software. 
650 _xJuvenile software. 
999 _c292659
_d292659